Normal view
MARC view
- رفع الاثقال -رياضة- القانون الدولي
Entry Topical Term
001 - CONTROL NUMBER
- control field: 37429
003 - CONTROL NUMBER IDENTIFIER
- control field: JO-AjAnu
005 - DATE AND TIME OF LATEST TRANSACTION
- control field: 20230606080236.0
008 - FIXED-LENGTH DATA ELEMENTS
- fixed length control field: 230606|| aca||aabn | a|a d
040 ## - CATALOGING SOURCE
- Original cataloging agency: JO-AjAnu
- Transcribing agency: JO-AjAnu
150 ## - HEADING--TOPICAL TERM
- Topical term or geographic name entry element: رفع الاثقال -رياضة- القانون الدولي
670 ## - SOURCE DATA FOUND
- Source citation: Work cat.: (JO-AjAnu)19205: ترجمة التكريتي، وديع ياسين, author 37428, الاتحاد الدولي لرفع الاثقال: القانون الدولي والقواعد الفنية